[Event "XXXI C.to Italiano seniores"]
[Site "Arvier ITA"]
[Date "2009.04.30"]
[Round "7"]
[White "Schiappacasse, Marcello"]
[Black "Laco, Giuseppe"]
[Result "0-1"]
[WhiteElo "1920"]
[BlackElo "2133"]
[PlyCount "88"]
[EventDate "2009.04.24"]

1. e4 c5 2. Nf3 e6 3. d3 d5 4. Nbd2 Nc6 5. g3 d4 6. Bg2 Qc7 7. a4 e5 8. Nc4 f6
9. O-O Be6 10. b3 Nge7 11. Ne1 g5 12. f4 gxf4 13. gxf4 O-O-O 14. f5 Bf7 15. Kh1
Kb8 16. Bd2 a5 17. Bf3 b6 18. Bh5 Bg8 19. Rg1 Ka7 20. Rg3 Ka6 21. Ng2 Na7 22.
Qe2 Nac8 23. Rb1 Qc6 24. Nb2 Ka7 25. Rf1 Nd6 26. h4 Qb7 27. Kh2 Ne8 28. Bf3 h5
29. Rg1 Bh6 30. Ne1 Nd6 31. Kh3 Qd7 32. Kh2 Qc7 33. Kh1 Ndxf5 34. exf5 Nxf5 35.
Rh3 Nd6 36. Ng2 Re8 37. Qf2 f5 38. Re1 e4 39. dxe4 fxe4 40. Bd1 Be6 41. Rg3 Nf5
42. Rg5 e3 43. Qf3 exd2 44. Rf1 Ne3 0-1

[Event "XXXI C.to Italiano seniores"]
[Site "Arvier ITA"]
[Date "2009.04.30"]
[Round "7"]
[White "Turturici, Pellegrino"]
[Black "Di Cio', Enrico"]
[Result "0-1"]
[WhiteElo "1977"]
[BlackElo "1765"]
[PlyCount "116"]
[EventDate "2009.04.24"]

1. e4 e5 2. Nf3 Nc6 3. Bb5 a6 4. Ba4 Nf6 5. O-O b5 6. Bb3 Bc5 7. c3 d6 8. d4
exd4 9. cxd4 Bb6 10. h3 h6 11. Be3 O-O 12. Nbd2 Re8 13. Re1 Bb7 14. d5 Bxe3 15.
Rxe3 Ne7 16. Rc1 c5 17. dxc6 Nxc6 18. Nf1 Na5 19. Bd5 Bxd5 20. exd5 Rc8 21.
Rec3 Rxc3 22. Rxc3 Qb6 23. Ng3 b4 24. Rc1 Qb7 25. Nf5 Qxd5 26. Nxd6 Rd8 27.
Qxd5 Nxd5 28. Rc5 Rxd6 29. Rxa5 Nf4 30. b3 f6 31. Kh2 g5 32. g3 Nd3 33. Kg2 h5
34. Ra4 Kf8 35. a3 bxa3 36. Rxa3 Rb6 37. Nd2 Nc1 38. Kf3 Re6 39. Nc4 Nd3 40.
Ne3 Ke7 41. Ra5 Ne5+ 42. Kg2 Kf7 43. Nd5 Nd3 44. Ne3 Rb6 45. Nc4 Rxb3 46. Rxa6
Ke7 47. Ne3 Rb2 48. Nd5+ Kf7 49. Rxf6+ Kg7 50. Rf5 Kh6 51. g4 h4 52. Rf6+ Kg7
53. Rf5 Kg6 54. Ne3 Nf4+ 55. Kg1 Nxh3+ 56. Kf1 Nf4 57. Nd1 Rb1 58. Ke1 h3 0-1

[Event "XXXI C.to Italiano seniores"]
[Site "Arvier ITA"]
[Date "2009.04.30"]
[Round "7"]
[White "Vaselli, Luciano"]
[Black "Fragni, Enrico"]
[Result "0-1"]
[WhiteElo "1764"]
[BlackElo "1751"]
[PlyCount "164"]
[EventDate "2009.04.24"]

1. d4 c6 2. c4 d6 3. e4 Qc7 4. Nc3 e5 5. d5 Nf6 6. Nge2 Bg4 7. f3 Bh5 8. g4 Bg6
9. Ng3 h6 10. h4 Na6 11. Be3 Be7 12. Qd2 h5 13. g5 Nd7 14. Bh3 Nb6 15. b3 Nc5
16. O-O a5 17. Rad1 a4 18. Bxc5 dxc5 19. d6 Qd8 20. dxe7 Qxe7 21. Qd6 axb3 22.
axb3 Qxd6 23. Rxd6 Ke7 24. Rfd1 Ra1 25. Rxa1 Kxd6 26. Rd1+ Kc7 27. Na4 Nxa4 28.
bxa4 Ra8 29. Rd7+ Kb6 30. Bf5 Rxa4 31. Bxg6 fxg6 32. Rxg7 Rxc4 33. Rxg6 Rd4 34.
Ne2 Rd3 35. Rf6 c4 36. g6 Rd8 37. g7 Rg8 38. Rf7 Ka6 39. Kf1 b5 40. Ke1 b4 41.
Kd2 Kb5 42. Kc2 Ka4 43. Ra7+ Kb5 44. Nc1 Kb6 45. Re7 c5 46. Kb2 Kc6 47. Re6+
Kb5 48. Rg6 Ka4 49. Na2 Kb5 50. Rg5 Ka4 51. Rxe5 Rxg7 52. Rxc5 Rg2+ 53. Kb1 Kb3
54. f4 Rg1+ 55. Nc1+ Kc3 56. e5 b3 57. Rxc4+ Kxc4 58. Kb2 Rf1 59. e6 Rxf4 60.
Nxb3 Rf2+ 61. Ka3 Re2 62. Na5+ Kb5 63. Nb7 Rxe6 64. Nd8 Re4 65. Kb3 Rxh4 66.
Kc3 Rg4 67. Nf7 h4 68. Kd3 h3 69. Ne5 Rg8 70. Nf3 Rg3 71. Ke2 h2 72. Kf2 h1=Q
73. Kxg3 Qh8 74. Kg2 Kc5 75. Kf2 Qe8 76. Kg2 Kc4 77. Kf2 Kc3 78. Kg2 Kd3 79.
Kf2 Qe2+ 80. Kg3 Ke3 81. Nh2 Qf2+ 82. Kh3 Kf4 0-1

[Event "XXXI C.to Italiano seniores"]
[Site "Arvier ITA"]
[Date "2009.05.01"]
[Round "8"]
[White "Antonelli, Fabrizio"]
[Black "Rotelli, Pietro"]
[Result "1-0"]
[WhiteElo "2024"]
[BlackElo "1970"]
[PlyCount "105"]
[EventDate "2009.04.24"]

1. e4 c6 2. d4 d5 3. f3 dxe4 4. fxe4 e5 5. Nf3 exd4 6. Bc4 Be6 7. Bxe6 fxe6 8.
Qxd4 Nd7 9. Nc3 Qb6 10. Qxb6 axb6 11. Ng5 e5 12. O-O Ngf6 13. Ne6 Ke7 14. Nxf8
Rhxf8 15. b4 b5 16. h3 Ra6 17. Be3 Rfa8 18. Rad1 h6 19. Rd3 Ra4 20. Rb1 Ra3 21.
Rbd1 R8a6 22. Bc1 Rxc3 23. Rxc3 Rxa2 24. Re1 Nb6 25. Ra3 Rxa3 26. Bxa3 Nc4 27.
Bc1 Nd6 28. Kf2 Ke6 29. Kf3 Nc4 30. g4 b6 31. g5 hxg5 32. Bxg5 c5 33. c3 Nd6
34. Bc1 Nf7 35. h4 Nd8 36. Ba3 c4 37. Bc1 Nf7 38. Be3 Nd7 39. Rg1 Kf6 40. Ra1
Nd6 41. Ra6 Nc8 42. Kg4 Ke7 43. h5 Nf6+ 44. Kf5 Nxh5 45. Kxe5 Nf6 46. Bg5 Kf7
47. Bxf6 gxf6+ 48. Kd5 Ke7 49. Ra8 Kd7 50. Rxc8 Kxc8 51. Ke6 Kd8 52. Kxf6 Kd7
53. e5 1-0

[Event "XXXI C.to Italiano seniores"]
[Site "Arvier ITA"]
[Date "2009.05.01"]
[Round "8"]
[White "Bellia, Mario"]
[Black "Breidenbach, Heinz"]
[Result "1/2-1/2"]
[WhiteElo "1377"]
[BlackElo "1522"]
[PlyCount "127"]
[EventDate "2009.04.24"]

1. Nf3 Nf6 2. b3 d5 3. Bb2 Bg4 4. c4 e6 5. cxd5 exd5 6. Nc3 Be7 7. Qc2 c6 8. h3
Bh5 9. d3 Nbd7 10. g4 Bg6 11. Nh4 d4 12. Nd1 Bb4+ 13. Bc3 Bxc3+ 14. Nxc3 dxc3
15. Nxg6 hxg6 16. Qxc3 Qe7 17. Bg2 a5 18. O-O Qb4 19. Qb2 O-O 20. Rfc1 a4 21.
Rc4 Qb6 22. Rb1 axb3 23. axb3 Rfe8 24. e3 Ne5 25. Rd4 Rad8 26. Rxd8 Qxd8 27. d4
Ned7 28. Qc2 Nb6 29. g5 Nh5 30. h4 Qd6 31. Rd1 Qd8 32. e4 Nf4 33. Bf3 Qc7 34.
e5 Nbd5 35. Rd2 Qa5 36. Bxd5 Nxd5 37. Re2 Qa1+ 38. Kh2 Qxd4 39. Re4 Qc3 40.
Qxc3 Nxc3 41. Rc4 Nd5 42. f4 Ra8 43. b4 Ra4 44. Kg3 Rxb4 45. Rxb4 Nxb4 46. Kf3
Nd5 47. Ke4 b6 48. f5 gxf5+ 49. Kxf5 b5 50. h5 b4 51. Ke4 b3 52. Kd3 b2 53. Kc2
Kf8 54. Kxb2 Ke7 55. h6 gxh6 56. gxh6 Kf8 57. Kb3 Kg8 58. Kc4 Ne7 59. Kc5 Kh7
60. Kd6 Kxh6 61. Kxe7 Kg6 62. e6 fxe6 63. Kxe6 c5 64. Kd5 1/2-1/2

[Event "XXXI C.to Italiano seniores"]
[Site "Arvier ITA"]
[Date "2009.05.01"]
[Round "8"]
[White "Beltrami, Nerio"]
[Black "Papa, Angelo"]
[Result "0-1"]
[WhiteElo "2057"]
[BlackElo "1882"]
[PlyCount "143"]
[EventDate "2009.04.24"]

1. e4 g6 2. d4 Bg7 3. Nc3 c6 4. f4 d5 5. e5 Nh6 6. Nf3 O-O 7. Be3 Bg4 8. Be2 f6
9. h3 Bxf3 10. Bxf3 Nf5 11. Bf2 fxe5 12. fxe5 e6 13. O-O Nd7 14. Ne2 Bh6 15.
Qd3 c5 16. c3 Qe7 17. Bg4 Rf7 18. Bxf5 gxf5 19. Be3 c4 20. Qd2 Bxe3+ 21. Qxe3
Kh8 22. Qh6 Rg8 23. Nf4 Nf8 24. Rf3 Qg5 25. Qxg5 Rxg5 26. Kh2 Kg8 27. Re1 Rfg7
28. g3 Kf7 29. h4 Rg4 30. Nh5 R7g6 31. Nf6 Rxf6 32. exf6 Kxf6 33. b3 cxb3 34.
axb3 Re4 35. Rxe4 dxe4 36. Rf1 Ng6 37. Kg2 e5 38. d5 f4 39. h5 f3+ 40. Kf2 Nf8
41. Ke3 Kf5 42. c4 Nd7 43. g4+ Kxg4 44. Kxe4 Nc5+ 45. Kxe5 Kg3 46. Rg1+ Kh2 47.
Rg7 f2 48. Rf7 Kg2 49. b4 Nd3+ 50. Ke6 Nxb4 51. Rxf2+ Kxf2 52. d6 a5 53. d7 Nc6
54. Kd6 a4 55. Kc7 a3 56. Kxb7 Nd8+ 57. Kc7 a2 58. Kxd8 a1=Q 59. Kc7 Qa5+ 60.
Kd6 Qb6+ 61. Ke7 Qc7 62. Ke8 Qe5+ 63. Kf7 Qxh5+ 64. Ke7 Qe5+ 65. Kf7 Qc7 66.
Ke8 Qc6 67. Ke7 Qe4+ 68. Kf8 Qf5+ 69. Ke7 Qe5+ 70. Kf7 Qd6 71. Ke8 Qe6+ 72. Kd8
0-1

[Event "XXXI C.to Italiano seniores"]
[Site "Arvier ITA"]
[Date "2009.05.01"]
[Round "8"]
[White "Cerusico, Carlo"]
[Black "Jeanrenaud, Antonia"]
[Result "0-1"]
[WhiteElo "1462"]
[BlackElo "1455"]
[PlyCount "102"]
[EventDate "2009.04.24"]

1. d4 d5 2. Nf3 Nf6 3. e3 e6 4. Nbd2 Bd6 5. Bd3 Nbd7 6. O-O b6 7. Re1 O-O 8. e4
dxe4 9. Nxe4 Rb8 10. Nxd6 cxd6 11. Bg5 Qc7 12. c3 Bb7 13. h3 Bc6 14. Qe2 Qb7
15. Bf4 Bxf3 16. gxf3 e5 17. Bg5 exd4 18. cxd4 Rfe8 19. Be3 Qd5 20. Qd1 Qh5 21.
Bf1 h6 22. Bg2 Nh7 23. Rc1 Ng5 24. Bxg5 Qxg5 25. Rxe8+ Rxe8 26. Rc7 Nf6 27. d5
Nxd5 28. Rc4 h5 29. h4 Qf5 30. Re4 Re5 31. Rxe5 Qxe5 32. Qc1 Nf4 33. Bf1 Qf6
34. Qe3 Qxh4 35. Qe8+ Kh7 36. Qe4+ Kh6 37. b3 Qg5+ 38. Kh2 Qh4+ 39. Kg1 Nh3+
40. Bxh3 Qxh3 41. Qf4+ Kg6 42. Qxd6+ Qe6 43. Qd3+ f5 44. Kf1 Kh6 45. f4 Qg6 46.
Ke2 h4 47. Qh3 Qg4+ 48. Qf3 h3 49. Qxg4 fxg4 50. Kf1 Kg6 51. Kg1 Kf5 0-1

[Event "XXXI C.to Italiano seniores"]
[Site "Arvier ITA"]
[Date "2009.05.01"]
[Round "8"]
[White "D'Aulisa, Francesco"]
[Black "De Polzer, Manfredi"]
[Result "1-0"]
[WhiteElo "1755"]
[BlackElo "1813"]
[PlyCount "61"]
[EventDate "2009.04.24"]

1. e4 e6 2. Nf3 c5 3. d4 cxd4 4. Nxd4 Bc5 5. c3 Qh4 6. Qf3 Nf6 7. Nd2 d6 8. g3
Qg4 9. Bg2 a6 10. O-O e5 11. N4b3 Bb6 12. Nc4 Bc7 13. Rd1 Ke7 14. Be3 Nbd7 15.
Rd2 Qg6 16. Rad1 Ne8 17. Bh3 b5 18. Bxd7 Bxd7 19. Nxe5 Qe6 20. Nxd7 Qxd7 21. e5
Qc8 22. exd6+ Nxd6 23. Bc5 Rd8 24. Nd4 Ke8 25. Nc6 Qb7 26. Bxd6 Bxd6 27. Rxd6
Rxd6 28. Rxd6 Rc8 29. Qe4+ Kf8 30. Qd5 Re8 31. Rd8 1-0

[Event "XXXI C.to Italiano seniores"]
[Site "Arvier ITA"]
[Date "2009.05.01"]
[Round "8"]
[White "De Zaiacomo, Tonino"]
[Black "Piazza, Giacomo"]
[Result "1-0"]
[WhiteElo "1787"]
[BlackElo "1441"]
[PlyCount "77"]
[EventDate "2009.04.24"]

1. d4 Nf6 2. c4 g6 3. Nc3 Bg7 4. e4 d6 5. h3 Nbd7 6. Nf3 O-O 7. Bd3 c5 8. d5 a6
9. a4 Rb8 10. O-O b6 11. Be3 Re8 12. Qd2 Nf8 13. e5 dxe5 14. Nxe5 Bd7 15. Bh6
Bh8 16. Bf4 Rb7 17. Rfe1 Qc8 18. Re3 Nh5 19. Rf3 Nf6 20. Re1 b5 21. axb5 axb5
22. cxb5 Bf5 23. Bc4 e6 24. d6 N6d7 25. Nc6 Nb6 26. Ba2 Qa8 27. b3 Nd5 28. Nxd5
exd5 29. Rxe8 Qxe8 30. Re3 Ne6 31. Qxd5 Qa8 32. Ne7+ Kf8 33. b4 Qa7 34. Bh6+
Ke8 35. Qc6+ Rd7 36. Bxe6 Bxe6 37. Nd5 Bd4 38. Qc8+ Rd8 39. Rxe6+ 1-0

[Event "XXXI C.to Italiano seniores"]
[Site "Arvier ITA"]
[Date "2009.05.01"]
[Round "8"]
[White "Di Cio', Enrico"]
[Black "Schiappacasse, Marcello"]
[Result "1-0"]
[WhiteElo "1765"]
[BlackElo "1920"]
[PlyCount "75"]
[EventDate "2009.04.24"]

1. e4 c5 2. Nf3 e6 3. d4 cxd4 4. Nxd4 a6 5. Bd3 Qc7 6. Nc3 Nc6 7. Nxc6 dxc6 8.
O-O Nf6 9. Be3 Be7 10. f4 Bd7 11. e5 Nd5 12. Nxd5 cxd5 13. Bd4 Bc5 14. Bxc5
Qxc5+ 15. Kh1 O-O-O 16. Qe2 Bc6 17. a3 Kb8 18. b4 Qe7 19. b5 Bxb5 20. Bxb5 axb5
21. Qxb5 Rc8 22. Rfc1 Rc4 23. f5 Rhc8 24. Ra2 d4 25. Qb3 Rc3 26. Qa4 d3 27. h3
Qc7 28. fxe6 fxe6 29. Qd4 Rd8 30. Qb4 d2 31. Rd1 Qxe5 32. Raa1 Rxc2 33. Rab1
Qc7 34. Qg4 e5 35. Qe4 g6 36. Rxb7+ Qxb7 37. Qxc2 Qd5 38. Rb1+ 1-0

[Event "XXXI C.to Italiano seniores"]
[Site "Arvier ITA"]
[Date "2009.05.01"]
[Round "8"]
[White "Facchini, Roberto"]
[Black "Acunzo, Domenico"]
[Result "1-0"]
[WhiteElo "1600"]
[BlackElo "1830"]
[PlyCount "107"]
[EventDate "2009.04.24"]

1. e4 c6 2. d4 d5 3. e5 c5 4. c3 Nc6 5. Nf3 Qb6 6. a3 c4 7. Qc2 Bd7 8. Be2 e6
9. O-O Na5 10. Nbd2 Ne7 11. Rb1 O-O-O 12. b4 cxb3 13. Nxb3 Ba4 14. Bd1 Kb8 15.
Qb2 Bxb3 16. Bxb3 Nxb3 17. Qxb3 Qxb3 18. Rxb3 Nc6 19. a4 Na5 20. Rb5 Nc4 21.
Nd2 Rc8 22. Nb1 Be7 23. f4 f5 24. Rf3 g5 25. Kf2 g4 26. Rd3 h5 27. Ke2 Rc6 28.
Nd2 Ra6 29. Nxc4 dxc4 30. Rd2 Rxa4 31. d5 exd5 32. Rdxd5 Ra2+ 33. Bd2 a6 34.
Rb6 Rd8 35. Rxd8+ Bxd8 36. Rd6 Kc7 37. g3 h4 38. Rh6 hxg3 39. hxg3 Kd7 40. Ke3
Be7 41. Rh7 Ra5 42. Kd4 Ra2 43. Bc1 b5 44. Kd5 Ra1 45. e6+ Ke8 46. Rh8+ Bf8 47.
Be3 Rd1+ 48. Bd4 a5 49. Ke5 Rxd4 50. cxd4 c3 51. Kf6 c2 52. e7 c1=Q 53. Rxf8+
Kd7 54. e8=Q+ 1-0

[Event "XXXI C.to Italiano seniores"]
[Site "Arvier ITA"]
[Date "2009.05.01"]
[Round "8"]
[White "Fragni, Enrico"]
[Black "Colombo, Paolo"]
[Result "0-1"]
[WhiteElo "1751"]
[BlackElo "2138"]
[PlyCount "60"]
[EventDate "2009.04.24"]

1. b4 e5 2. Bb2 d6 3. Nf3 Be7 4. e4 Nf6 5. d3 O-O 6. Nbd2 Na6 7. a3 c6 8. Be2
Nc7 9. Nf1 Ne6 10. g3 a5 11. c3 Ng4 12. h3 Nh6 13. Ne3 f5 14. exf5 Nxf5 15. Qd2
Ng5 16. O-O-O Nxf3 17. Bxf3 Nxe3 18. Bxc6 Nxd1 19. Bd5+ Kh8 20. Qxd1 axb4 21.
cxb4 Rxf2 22. h4 Qc7+ 23. Kb1 Bg4 24. Qb3 Rc8 25. Rc1 Qd7 26. Be4 Rxc1+ 27.
Bxc1 Be6 28. Bd5 Bxd5 29. Qxd5 Qc6 30. Qb3 Bf6 0-1

[Event "XXXI C.to Italiano seniores"]
[Site "Arvier ITA"]
[Date "2009.05.01"]
[Round "8"]
[White "Garvani, Vittorio"]
[Black "Centofante, Maria Rosa"]
[Result "1-0"]
[WhiteElo "1971"]
[BlackElo "1603"]
[PlyCount "143"]
[EventDate "2009.04.24"]

1. d4 Nf6 2. Nf3 c6 3. Bg5 Ne4 4. Bh4 d5 5. e3 Bg4 6. Be2 Qa5+ 7. c3 Nd7 8. O-O
e6 9. Nbd2 Ndf6 10. Ne5 Bxe2 11. Qxe2 Bd6 12. f4 Qc7 13. Ndf3 h6 14. Rac1 O-O
15. h3 Nh7 16. g4 Be7 17. Bxe7 Qxe7 18. Kh2 g5 19. Nd2 Nxd2 20. Qxd2 Qd6 21.
Rf3 f5 22. Rg1 Rf6 23. gxf5 Rxf5 24. h4 Kf8 25. Rfg3 Nf6 26. Qg2 Ne4 27. Rf3
Ke7 28. Qg4 Rg8 29. fxg5 Rxf3 30. Qxf3 Rf8 31. Qh5 hxg5 32. hxg5 Kd8 33. Qh7
Qc7 34. g6 Nf6 35. Qxc7+ Kxc7 36. g7 Rg8 37. Rg6 Ne8 38. Rxe6 Nxg7 39. Re7+ Kc8
40. Nf7 Nf5 41. Re5 Nh4 42. Kh3 Nf3 43. Re7 Ng5+ 44. Nxg5 Rxg5 45. Kh2 Kb8 46.
e4 dxe4 47. Rxe4 Kc7 48. Re3 Kd6 49. Rg3 Rf5 50. Kg2 Rf7 51. Rf3 Rg7+ 52. Kf2
Kd5 53. Ke2 Rg2+ 54. Rf2 Rg7 55. Rf5+ Kd6 56. Rf2 Kd5 57. Kd2 c5 58. Rf5+ Kc6
59. Rxc5+ Kd6 60. Kc2 b6 61. Rh5 a5 62. a3 Rg2+ 63. Kb3 Rd2 64. a4 Kc6 65. Rh6+
Kc7 66. Rh1 Kc6 67. Rc1 Kd5 68. Rc2 Rd3 69. Rh2 Kd6 70. Kc4 Rf3 71. Kb5 Rf5+
72. Kxb6 1-0

[Event "XXXI C.to Italiano seniores"]
[Site "Arvier ITA"]
[Date "2009.05.01"]
[Round "8"]
[White "Giani, Franco"]
[Black "Quagliarella, Sabino Remo"]
[Result "1-0"]
[WhiteElo "2004"]
[BlackElo "1911"]
[PlyCount "115"]
[EventDate "2009.04.24"]

1. c4 e5 2. e3 Nf6 3. a3 g6 4. Nc3 Bg7 5. g3 O-O 6. Bg2 c6 7. Nge2 d5 8. cxd5
cxd5 9. O-O Nc6 10. d3 Be6 11. Bd2 Rc8 12. h3 Qd7 13. Kh2 Rfe8 14. Rc1 h6 15.
b4 b6 16. Ng1 Nh7 17. Nce2 f5 18. d4 Ng5 19. dxe5 Ne4 20. f4 d4 21. Bxe4 fxe4
22. b5 Nxe5 23. fxe5 dxe3 24. Bxe3 Qd3 25. Qxd3 exd3 26. Nf4 Bc4 27. Bd2 Kh7
28. Rf3 Bxb5 29. Nxd3 Rcd8 30. Rc3 Re7 31. Bc1 Bxd3 32. Rcxd3 Rc8 33. Rc3 Rxc3
34. Rxc3 Rxe5 35. Rc7 Rc5 36. Rxc5 bxc5 37. Nf3 c4 38. Kg2 g5 39. Kf2 Kg6 40.
Ke2 Kf5 41. Be3 Bf8 42. a4 a6 43. g4+ Ke4 44. Nd4 Ba3 45. Nf5 h5 46. Ng3+ Kd5
47. Nxh5 Be7 48. Ng3 Bd8 49. Nf1 Bf6 50. Nh2 Ke4 51. Nf3 Bb2 52. Nxg5+ Ke5 53.
h4 Kf6 54. Nf3 Ke6 55. Bd4 Bc1 56. Kd1 Bf4 57. Kc2 Kd5 58. g5 1-0

[Event "XXXI C.to Italiano seniores"]
[Site "Arvier ITA"]
[Date "2009.05.01"]
[Round "8"]
[White "Incelli, Renato"]
[Black "Di Terlizzi, Domenico"]
[Result "1/2-1/2"]
[WhiteElo "1487"]
[BlackElo "1688"]
[PlyCount "35"]
[EventDate "2009.04.24"]

1. c4 e5 2. Nc3 Nf6 3. g3 Nc6 4. d3 Bb4 5. Bd2 d6 6. Bg2 O-O 7. Nf3 Re8 8. O-O
Bg4 9. Re1 Rb8 10. Qc2 Qd7 11. b3 Nd4 12. Nxd4 exd4 13. Ne4 Nxe4 14. Bxe4 Bxd2
15. Qxd2 Bf5 16. Bf3 Bg4 17. Qf4 Bxf3 18. Qxf3 1/2-1/2

[Event "XXXI C.to Italiano seniores"]
[Site "Arvier ITA"]
[Date "2009.05.01"]
[Round "8"]
[White "Laco, Giuseppe"]
[Black "Tribuiani, Renato"]
[Result "1-0"]
[WhiteElo "2133"]
[BlackElo "2078"]
[PlyCount "155"]
[EventDate "2009.04.24"]

1. c4 f5 2. d4 e6 3. Nc3 Nf6 4. a3 b6 5. b3 Bb7 6. f3 Be7 7. Nh3 O-O 8. Nf2 d5
9. e3 Qe8 10. Nd3 Nbd7 11. Nb5 Bd8 12. Ne5 a6 13. Nc3 Nxe5 14. dxe5 Nd7 15. f4
c6 16. b4 b5 17. c5 Bh4+ 18. g3 Be7 19. Bg2 Rf7 20. Ne2 Nf8 21. Nd4 Bd8 22. Bb2
Bc8 23. Kf2 Rfa7 24. Qd2 Bd7 25. Bf3 a5 26. Bc3 a4 27. h3 Bc8 28. Rag1 g6 29.
g4 Rg7 30. Ke2 Raa7 31. Kd1 Bh4 32. g5 h6 33. Be2 hxg5 34. fxg5 Rh7 35. Rg2 Rh8
36. Nf3 Rah7 37. Qd4 Qe7 38. Qf4 Bd7 39. Kc2 Rh5 40. Rhg1 Be8 41. Nd4 R5h7 42.
Kb1 Bd7 43. Bb2 Be8 44. Rd1 Bd7 45. Nf3 Rh5 46. Rd4 Be8 47. Kc2 Bd7 48. Nxh4
Rxh4 49. Qxh4 Rxh4 50. Rxh4 Be8 51. Rh6 Kg7 52. h4 Bf7 53. h5 Qd8 54. Bd4 Qe8
55. hxg6 Bxg6 56. Kd2 Qf7 57. Rh4 Qe8 58. Ke1 Qf7 59. Kf2 Qe8 60. Kg3 Qf7 61.
Kf4 Qe8 62. Rgh2 Qf7 63. Bh5 Qg8 64. Kg3 Kf7 65. Kf2 Qg7 66. Bxg6+ Qxg6 67. Rg2
Qg7 68. Rh6 Ke7 69. Rf6 Qh8 70. Rh6 Qg7 71. Bb2 Nh7 72. Ke2 Nf8 73. Rf6 Ke8 74.
g6 Kd8 75. Kd2 Qg8 76. Rf7 Ke8 77. Ra7 Kd8 78. g7 1-0

[Event "XXXI C.to Italiano seniores"]
[Site "Arvier ITA"]
[Date "2009.05.01"]
[Round "8"]
[White "Lisandri, Luigi"]
[Black "Di Cicco, Daniela"]
[Result "1/2-1/2"]
[WhiteElo "1458"]
[BlackElo "1589"]
[PlyCount "174"]
[EventDate "2009.04.24"]

1. c4 e5 2. e3 d6 3. Nc3 Nf6 4. Be2 Be7 5. b3 O-O 6. Bb2 Bf5 7. Nf3 h6 8. e4
Nxe4 9. Nxe4 Bxe4 10. d3 Bxf3 11. Bxf3 c6 12. O-O Nd7 13. Qd2 Bg5 14. Qc3 Re8
15. Rfe1 Nf8 16. g3 Ng6 17. Re2 Re7 18. Rae1 Qe8 19. Bg4 Bf6 20. Qc2 Nf8 21. f4
Ne6 22. fxe5 dxe5 23. Bxe5 Bxe5 24. Rxe5 Rd8 25. Qe2 Nd4 26. Rxe7 Nxe2+ 27.
R1xe2 Qf8 28. Bd7 Rxd7 29. Re8 Qxe8 30. Rxe8+ Kh7 31. Re3 Kg6 32. Kf2 h5 33. h4
c5 34. Kf3 Kf5 35. a3 b6 36. b4 a6 37. bxc5 bxc5 38. Ke2 Kf6 39. Re4 Re7 40.
Ke3 Rxe4+ 41. Kxe4 Ke6 42. a4 f5+ 43. Kf4 Kf6 44. a5 g6 45. Ke3 Ke5 46. d4+
cxd4+ 47. Kd3 Kd6 48. Kxd4 Kc6 49. Ke5 Kc5 50. Kf6 Kxc4 51. Kxg6 Kb5 52. Kxh5
Kxa5 53. Kg5 Kb5 54. h5 f4 55. h6 f3 56. h7 f2 57. h8=Q f1=Q 58. Qe5+ Kb6 59.
Qe3+ Ka5 60. Qc5+ Qb5 61. Qf5 Qxf5+ 62. Kxf5 Kb5 63. g4 a5 64. g5 a4 65. g6 a3
66. g7 a2 67. g8=Q a1=Q 68. Qd5+ Kb6 69. Qe6+ Kc5 70. Qe7+ Kc4 71. Qc7+ Kd3 72.
Qg3+ Kc4 73. Qc7+ Kd5 74. Qd7+ Kc4 75. Qe6+ Kd3 76. Qe4+ Kd2 77. Qf4+ Ke2 78.
Qh2+ Kd3 79. Qg3+ Kc2 80. Qf2+ Kd3 81. Qf3+ Kc4 82. Qe2+ Kb3 83. Qb5+ Kc2 84.
Qe2+ Kb3 85. Qe6+ Kc2 86. Qe2+ Kb3 87. Qe6+ Kc2 1/2-1/2

[Event "XXXI C.to Italiano seniores"]
[Site "Arvier ITA"]
[Date "2009.05.01"]
[Round "8"]
[White "Moretti, Mario"]
[Black "Cesati Cassin, Giorgio"]
[Result "1-0"]
[WhiteElo "1500"]
[BlackElo "1398"]
[PlyCount "69"]
[EventDate "2009.04.24"]

1. e4 c5 2. d4 cxd4 3. Qxd4 Nc6 4. Qd1 g6 5. Nf3 Bg7 6. c3 e6 7. Be2 Nge7 8.
O-O d5 9. Bb5 O-O 10. Bxc6 Nxc6 11. exd5 exd5 12. Be3 Re8 13. Na3 Bg4 14. h3
Bxf3 15. Qxf3 d4 16. Rad1 d3 17. Nc2 Ne5 18. Qxb7 Re7 19. Qa6 Rd7 20. Nd4 Rc8
21. f4 Nc4 22. Rxd3 Nxb2 23. Rd2 Nc4 24. Re2 Nxe3 25. Rxe3 Rcc7 26. Rfe1 Qh4
27. g4 Bxd4 28. cxd4 Rxd4 29. Qf1 Ra4 30. Qe2 Rac4 31. Re8+ Kg7 32. Qe5+ Qf6
33. Rg8+ Kxg8 34. Qxf6 R7c6 35. Re8# 1-0

[Event "XXXI C.to Italiano seniores"]
[Site "Arvier ITA"]
[Date "2009.05.01"]
[Round "8"]
[White "Oteri, Aldo"]
[Black "Rossi, Giampiero"]
[Result "0-1"]
[WhiteElo "1832"]
[BlackElo "1915"]
[PlyCount "68"]
[EventDate "2009.04.24"]

1. e4 c5 2. Nf3 e6 3. d4 cxd4 4. Nxd4 a6 5. Nc3 Qc7 6. g3 Nf6 7. Bg2 Be7 8. O-O
O-O 9. Qe2 d6 10. Be3 Bd7 11. f4 Nc6 12. a3 Rfc8 13. Nxc6 Bxc6 14. a4 Nd7 15.
Kh1 Bd8 16. f5 e5 17. g4 f6 18. h4 h6 19. Qc4+ Kf8 20. Rfd1 Be7 21. Nd5 Bxd5
22. Qxd5 Qc6 23. c3 Qxd5 24. Rxd5 Rc4 25. Ra3 Rac8 26. Rb3 R8c7 27. Bb6 Nxb6
28. Rxb6 R4c6 29. Rb3 Rc4 30. Kg1 Ke8 31. Kf2 Kd7 32. Ke3 Kc8 33. Bf1 Rxa4 34.
Kd3 Rcc4 0-1

[Event "XXXI C.to Italiano seniores"]
[Site "Arvier ITA"]
[Date "2009.05.01"]
[Round "8"]
[White "Pettarini, Renato"]
[Black "Fisauli, Francesco"]
[Result "1-0"]
[WhiteElo "1738"]
[BlackElo "1832"]
[PlyCount "85"]
[EventDate "2009.04.24"]

1. c4 c5 2. Nf3 d6 3. Nc3 Nf6 4. d4 cxd4 5. Nxd4 Nc6 6. e3 e6 7. Be2 Be7 8. O-O
O-O 9. b3 a6 10. Bb2 Qc7 11. Rc1 Bd7 12. Bf3 Ne5 13. Ne4 Rac8 14. Nxf6+ Bxf6
15. Be4 Ng6 16. Qf3 Bc6 17. Bxc6 bxc6 18. Qe2 c5 19. Nf3 Bxb2 20. Qxb2 Rfd8 21.
Rfd1 Rb8 22. Rc3 Rd7 23. Rcd3 Rbd8 24. Qd2 Kf8 25. h4 Ke8 26. e4 Ne5 27. Nxe5
dxe5 28. Rxd7 Rxd7 29. Qxd7+ Qxd7 30. Rxd7 Kxd7 31. Kf1 f5 32. f3 Ke7 33. Ke2
g6 34. g4 Kd6 35. Kd3 a5 36. Kc3 Kc6 37. a3 fxg4 38. fxg4 a4 39. b4 Kb6 40. Kb2
Kc6 41. bxc5 Kxc5 42. Kc3 h5 43. g5 1-0

[Event "XXXI C.to Italiano seniores"]
[Site "Arvier ITA"]
[Date "2009.05.01"]
[Round "8"]
[White "Pipitone, Antonio"]
[Black "Gardi, Giuseppe"]
[Result "1-0"]
[WhiteElo "2024"]
[BlackElo "2008"]
[PlyCount "71"]
[EventDate "2009.04.24"]

1. e4 g6 2. d4 Bg7 3. Nf3 d6 4. Nc3 c6 5. Bc4 Nf6 6. h3 O-O 7. O-O Nxe4 8. Nxe4
d5 9. Ned2 dxc4 10. Nxc4 Na6 11. c3 Nc7 12. Be3 Nd5 13. Bd2 Qc7 14. Re1 h6 15.
Nce5 Kh7 16. c4 Nf6 17. Bf4 Qd8 18. g4 Nd7 19. Qe2 Nxe5 20. Bxe5 b6 21. Bxg7
Kxg7 22. Qe3 e6 23. Ne5 Bb7 24. Rad1 Qc7 25. g5 hxg5 26. Qxg5 Qd8 27. Qg3 Rh8
28. Re4 Rh6 29. Rd3 Qc7 30. Rg4 Rf8 31. c5 Ba6 32. Re3 b5 33. b4 Bb7 34. Rf3
Kg8 35. Qf4 f5 36. Qxh6 1-0

[Event "XXXI C.to Italiano seniores"]
[Site "Arvier ITA"]
[Date "2009.05.01"]
[Round "8"]
[White "Priori, Luigi"]
[Black "Turturici, Pellegrino"]
[Result "0-1"]
[WhiteElo "1806"]
[BlackElo "1977"]
[PlyCount "70"]
[EventDate "2009.04.24"]

1. d4 d5 2. c4 e6 3. Nf3 Nf6 4. Bg5 Be7 5. Nc3 Nbd7 6. e3 O-O 7. Bd3 dxc4 8.
Bxc4 a6 9. O-O c5 10. Rc1 b5 11. Bb3 Qb6 12. a3 Bb7 13. h3 Rac8 14. Ba2 Rfe8
15. Bb1 c4 16. Bf4 Red8 17. Re1 Nf8 18. e4 Rd7 19. Rc2 b4 20. axb4 Bxb4 21. Rd2
Rcd8 22. Be3 Qa5 23. Bg5 Rc8 24. Bxf6 gxf6 25. Qc2 Rcd8 26. Re3 Ng6 27. g3 Qh5
28. Kg2 Kh8 29. Rd1 Bc6 30. Qe2 Bb5 31. Kh2 Qh6 32. Ba2 Bd6 33. Bxc4 Nf4 34.
Qf1 Bxc4 35. Ne2 Nxe2 0-1

[Event "XXXI C.to Italiano seniores"]
[Site "Arvier ITA"]
[Date "2009.05.01"]
[Round "8"]
[White "Recubini, Dante"]
[Black "Deiana, Giacomo"]
[Result "0-1"]
[WhiteElo "1472"]
[BlackElo "1724"]
[PlyCount "60"]
[EventDate "2009.04.24"]

1. e4 c5 2. Nf3 d6 3. d4 cxd4 4. Nxd4 Nf6 5. Nc3 a6 6. h3 e6 7. Bg5 Qb6 8. Rb1
Be7 9. Be3 Qc7 10. Be2 Nc6 11. Nxc6 Qxc6 12. Bf3 Qc7 13. O-O Bd7 14. Re1 Rc8
15. a3 O-O 16. Re2 Bc6 17. Bc1 d5 18. exd5 Rfd8 19. Qe1 Nxd5 20. Nxd5 Bxd5 21.
Bxd5 Rxd5 22. Be3 Rcd8 23. c3 Bf6 24. g3 Qd7 25. Kf1 e5 26. Kg2 Qa4 27. Bb6 Rd1
28. b3 Qc6+ 29. f3 Rxe1 30. Rbxe1 Qxb6 0-1